Shakespeare in the Soviet Union : (Record no. 18870)
[ view plain ]
| 000 -LEADER | |
|---|---|
| fixed length control field | 00975cam a22002532 4500 |
| 001 - CONTROL NUMBER | |
| control field | 18870 |
| 003 - CONTROL NUMBER IDENTIFIER | |
| rucl marc code | BD-RjUL |
| 005 - DATE AND TIME OF LATEST TRANSACTION | |
| control field | 20211209000340.0 |
| 008 - FIXED-LENGTH DATA ELEMENTS--GENERAL INFORMATION | |
| fixed length control field | 140222s1966 ru ac b 000 0 eng |
| 035 ## - SYSTEM CONTROL NUMBER | |
| System control number | (BD-RjUL)18928 |
| 040 ## - CATALOGING SOURCE | |
| Original cataloging agency | DLC |
| Transcribing agency | DLC |
| Modifying agency | OCL |
| -- | EQO |
| -- | BD-RjUL |
| Language of cataloging | eng |
| 041 1# - LANGUAGE CODE | |
| Language code of text/sound track or separate title | engrus |
| 082 00 - DEWEY DECIMAL CLASSIFICATION NUMBER | |
| Classification number | 822.33 |
| Author mark and year | SAS |
| 100 1# - MAIN ENTRY--PERSONAL NAME | |
| Personal name | Samarin, R. M. |
| Fuller form of name | (Roman Mikhaĭlovich), |
| Dates associated with a name | 1911- |
| 9 (RLIN) | 58188 |
| 245 10 - TITLE STATEMENT | |
| Title | Shakespeare in the Soviet Union : |
| Remainder of title | a collection of articles / |
| Statement of responsibility, etc. | Compiled by Roman Samarin and Alexander Nikolyukin. Translated from the Russian by Avril Pyman. |
| 260 ## - PUBLICATION, DISTRIBUTION, ETC. (IMPRINT) | |
| Place of publication, distribution, etc. | Moscow : |
| Name of publisher, distributor, etc. | Progress Publishers, |
| Date of publication, distribution, etc. | 1966. |
| 300 ## - PHYSICAL DESCRIPTION | |
| Pagination | 274 [1] p. : |
| Illustrations | ili. ; |
| Size | 21 cm. |
| 600 10 - SUBJECT ADDED ENTRY--PERSONAL NAME | |
| Personal name | Shakespeare, William, |
| Dates associated with a name | 1564-1616 |
| General subdivision | Criticism and interpretation. |
| Personal name | Shakespeare, William, |
| Dates associated with a name | 1564-1616 |
| General subdivision | Appreciation |
| Geographic subdivision | Soviet Union. |
| 700 1# - ADDED ENTRY--PERSONAL NAME | |
| Personal name | Nikoli͡ukin, A. N. |
| Fuller form of name | (Aleksandr Nikolaevich) |
| 942 ## - ADDED ENTRY ELEMENTS (KOHA) | |
| Source of classification or shelving scheme | Dewey Decimal Classification |
| Koha item type | Books |
| Lost status | Source of classification or shelving scheme | Damaged status | Not for loan | Collection code | Permanent Location | Current Location | Shelving location | Date acquired | Source of acquisition | Cost, normal purchase price | Total Checkouts | Full call number | Date last seen | Copy number | Koha item type |
|---|---|---|---|---|---|---|---|---|---|---|---|---|---|---|---|
| Dewey Decimal Classification | Not For Loan | Fiction | Central Library, University of Rajshahi | Central Library, University of Rajshahi | Reading Room | 05/11/1990 | Shawkat Osman | 0.00 | 822.33 SAS 1966 | 22/02/2014 | C-1 | Books |